000 00397pab a2200145 454500
008 180718b1983 xxu||||| |||| 00| 0 eng d
100 _aJones, J. Mervyn
245 _aOrganisational or victim needs
_bThe implications for a policing by objectives strategy
260 _c1983
300 _a276-90
362 _aJuly-Sept.
650 _aPolice - U.K.
773 _aPolice Journal
909 _a15184
999 _c15184
_d15184